| 000 | 01052cam a2200349 i 4500 | ||
|---|---|---|---|
| 001 | 11584068 | ||
| 003 | OSt | ||
| 005 | 20180116192431.0 | ||
| 008 | 150831s2015 enka b 001 0beng d | ||
| 020 | _a0714869538 | ||
| 020 | _a9780714869537 | ||
| 024 | _a40025235721 | ||
| 035 | _a(OCoLC)ocn905521915 | ||
| 035 | _a(OCoLC)905521915 | ||
| 035 | _a(NNC)11584068 | ||
| 040 |
_aNhCcYBP _beng _erda _cNhCcYBP _dNNC |
||
| 043 | _ae-it--- | ||
| 050 | 4 |
_aNK1535.S58 _bS83 2015 |
|
| 082 | 0 | 4 |
_a745.4092 _223 |
| 100 | 1 |
_aSudjic, Deyan, _eauthor. _98327 |
|
| 245 | 1 | 0 |
_aEttore Sottsass and the poetry of things / _cDeyan Sudjic. |
| 260 |
_aLondon: _bPhaidon; _c2015. |
||
| 300 |
_a207 pages : _billustrations ; _c25 cm |
||
| 504 | _aIncludes bibliographical references and index. | ||
| 600 | 1 | 0 |
_aSottsass, Ettore, _d1917-2007. _98325 |
| 610 | 2 | 0 |
_aMemphis (Group) _98326 |
| 650 | 0 |
_aDesigners _zItaly _vBiography. _98328 |
|
| 650 | 0 |
_aDesign _xHistory _y20th century. _98329 |
|
| 942 |
_2ddc _cBK |
||
| 948 | 1 |
_a20151012 _bc _cpg2032 _dMPS |
|
| 999 |
_c354133 _d354133 |
||